000 00616nam a2200229Ia 4500
003 OSt
005 20220925230501.0
006 a|||||r|||| 00| 0
007 ta
008 220923b |||||||| |||| 00| 0 eng d
037 _cGeneral Book
040 _aRTL
_cRTL
_beng
041 _2eng
_aeng
082 _aX.58.N6, L0
100 _aKaser Michael
_9128588
245 0 _aSoviet economics
260 _aLondon
_bWeidenfeld and Nicoloson
_c1970
300 _a256p.
_ccm.
650 _aEconomic Condition Russia
942 _hX.58.N6, L0
_cGB
_2CC
999 _c585673
_d585673